000 00874nam a2200229Ia 4500
001 13768
003 GE_BSU
008 181216s||||||||xx |||||||||||||| ||und||
020 _a9789941202025
040 _cGE_BSU
080 _a725.1(075.8)+699.85(075.8)
100 _aმალაღურაძე,ჯუმბერ
245 _aნაშენთა ხუროთმოძღვრული ნაწილები.წ2. მასობრივი შენობები
245 _bსახელმძღვანელო
260 _aთბილისი
260 _bუნივერსალი
260 _c2013
300 _a298გვ.ილ.30სმ.
653 _aმასობრივი შენობები
653 _aნაშენთა ხუროთმოძღვრული ნაწილები
942 _cBK
999 _c46915
_d46915